EU Countries on a Map - Whammies - Statistics

General Stats
  • This quiz has been taken 282 times
  • The average score is 16 of 27
Answers on the Map
Answers color-coded by a green-red scale on the quiz's map according to % correct below.
 
Answer Stats
Countries % Correct
France
84%
Spain
80%
Germany
79%
Portugal
78%
Italy
75%
Belgium
71%
Ireland
71%
Netherlands
68%
Austria
66%
Poland
63%
Sweden
63%
Luxembourg
62%
Denmark
61%
Czechia
57%
Finland
56%
Greece
56%
Croatia
55%
Hungary
55%
Slovakia
55%
Romania
53%
Estonia
52%
Latvia
51%
Slovenia
51%
Bulgaria
50%
Lithuania
50%
Malta
43%
Cyprus
36%
No matching quizzes found
Score Distribution
Percent of People with Each Score
Percentile by Number Answered
Your Score History
You have not taken this quiz